Statystyki dla Hiszpański #2 - warzywa

Kliknij tutaj aby rozwiązać quiz!

Ogólne statystyki

  • Ten quiz został rozwiązany 281 razy
    (129 od ostatniego zresetowania)
  • Średni wynik to 11 z 16

Statystyki odpowiedzi

HiszpańskiPolski% Poprawnych
la cebollacebula
99%
el tomatepomidor
99%
el brocolibrokuł
95%
la coliflorkalafior
94%
la patataziemniak
89%
la lechugasałąta
83%
la rocularukola
82%
la zanahoriamarchew
81%
el pepinoogórek
81%
el pimientopapryka
72%
la colkapusta
58%
el ajoczosnek
55%
el champinonpieczarka
33%
la setagrzyb
31%
el apioseler
27%
la calabazadynia
22%

Rozkład punktacji

Percentyl według liczby udzielonych odpowiedzi

Procent ludzi z każdym wynikiem

Twoja historia wyników

Nie rozwiązałeś tego quizu od ostatniego zresetowania